000 00339nam a2200157Ia 4500
008 221030s9999 xx 000 0 und d
020 _a0074515500
041 _aEnglish
082 _a105.23
_bBhe
100 _aBhel
245 0 _aTransformers
_cby Bhel
260 _bTMH
_aNew Delhi
_c1998
300 _a460
650 _aEE
942 _cBK
999 _c6440
_d6440